000 00825cam a2200301 4500500
005 20260405003201.0
041 _afre
042 _adc
100 1 0 _aEnjalbert, Cédric
_eauthor
245 0 0 _aÉpreuves de force
260 _c2020.
500 _a54
690 _aCarl Schmitt
690 _aChantal Mouffe
690 _aConflit
690 _aDémocratie
690 _aGeoffroy de Lagasnerie
690 _aJoëlle Zask
690 _aJohn Dewey
690 _aNuance
690 _aPolitique
690 _aPragmatisme
690 _aRaphaël Enthoven
690 _aThomas Hobbes
690 _aTwitter
786 0 _nPhilosophie magazine | 145 | 1 | 2020-12-01 | p. 38-40 | 1951-1787
856 4 1 _uhttps://shs.cairn.info/magazine-philosophie-magazine-2020-12-1-page-38?lang=fr&redirect-ssocas=7080
999 _c2065118
_d2065118